|
|
|
|
| LEADER |
00000cam a22000004a 4500 |
| 001 |
musev2_68528 |
| 003 |
MdBmJHUP |
| 005 |
20230905051100.0 |
| 006 |
m o d |
| 007 |
cr||||||||nn|n |
| 008 |
900705s1991 nyu o 00 0 eng d |
| 010 |
|
|
|z 90043451
|
| 020 |
|
|
|a 9781501740619
|
| 020 |
|
|
|z 9781501740596
|
| 020 |
|
|
|z 9781501740602
|
| 035 |
|
|
|a (OCoLC)1122608844
|
| 040 |
|
|
|a MdBmJHUP
|c MdBmJHUP
|
| 100 |
1 |
|
|a Farmer, Sharon A.
|
| 245 |
1 |
0 |
|a Communities of Saint Martin :
|b Legend and Ritual in Medieval Tours /
|c Sharon Farmer.
|
| 264 |
|
1 |
|a Ithaca :
|b Cornell University Press,
|c 1991.
|
| 264 |
|
3 |
|a Baltimore, Md. :
|b Project MUSE,
|c 2019
|
| 264 |
|
4 |
|c ©1991.
|
| 300 |
|
|
|a 1 online resource (378 pages):
|b illustrations ;
|
| 336 |
|
|
|a text
|b txt
|2 rdacontent
|
| 337 |
|
|
|a computer
|b c
|2 rdamedia
|
| 338 |
|
|
|a online resource
|b cr
|2 rdacarrier
|
| 505 |
0 |
|
|a Part 1 : Martin's town : from unity to duality -- Martinopolis (ca. 371-1050) -- Excluding the center : monastic exemption and liturgical realignment in tours -- Part 2 : Marmoutier -- History, legitimacy, and motivation in Marmoutier's literature for the Angevins -- Marmoutier and the salvation of the Counts of Blois -- Individual motivation, Collective responsibility : reinforcing bonds of community -- Preservation through time : historical consciousness at Marmoutier -- Part 3 : The chapter of Saint-Martin -- The corporate identity of the canons of Saint-Martin -- Saint Martin's diocese : the appropriation of Episcopal symbols -- Martin's new town : dominance and resistance in Châteauneuf.
|
| 506 |
0 |
|
|a Open Access
|f Unrestricted online access
|2 star
|
| 588 |
|
|
|a Description based on print version record.
|
| 600 |
1 |
7 |
|a Martin (von Tours)
|2 swd
|
| 600 |
1 |
7 |
|a Martinus, Turonensis,
|d 314/316-397.
|0 (NL-LeOCL)07278024X
|2 nta
|
| 600 |
0 |
7 |
|a Martin,
|c Saint, Bishop of Tours,
|d approximately 316-397
|2 nli
|
| 600 |
0 |
7 |
|a Martin
|c von Tours
|d 315-399
|2 gnd
|
| 600 |
0 |
6 |
|a Martin,
|c saint, evêque de Tours,
|d approximately 316-397
|x Culte
|z France
|z Tours.
|
| 600 |
0 |
4 |
|a Martin,
|c Saint, Bishop of Tours,
|d ca. 316-397
|x Cult
|z France
|z Tours.
|
| 600 |
1 |
0 |
|a Martin, Saint, Bishop of Tours,
|c ca. 316-397,
|d Cult
|z France
|z Tours.
|
| 610 |
2 |
7 |
|a Marmoutier (Abbey : Tours, France)
|2 fast
|0 (OCoLC)fst00658090
|
| 610 |
2 |
7 |
|a Basilique Saint-Martin de Tours.
|2 fast
|0 (OCoLC)fst00635986
|
| 610 |
2 |
6 |
|a Abbaye de Marmoutier (Tours, France)
|x Histoire.
|
| 610 |
2 |
6 |
|a Basilique Saint-Martin (Tours, France)
|x Histoire.
|
| 610 |
2 |
4 |
|a Marmoutier (Abbey , Tours, France)
|x History.
|
| 610 |
2 |
4 |
|a Basilique Saint-Martin de Tours
|x History.
|
| 610 |
2 |
0 |
|a Marmoutier (Abbey : Tours, France)
|x History.
|
| 610 |
2 |
0 |
|a Basilique Saint-Martin de Tours
|x History.
|
| 650 |
0 |
7 |
|a Geschichte 371-1500.
|2 swd
|
| 650 |
|
7 |
|a Christian saints
|x Cult
|x History of doctrines
|y Middle Ages, 600-1500
|2 nli
|
| 650 |
1 |
7 |
|a Heiligenverering.
|2 gtt
|
| 650 |
|
7 |
|a Verehrung
|2 gnd
|
| 650 |
|
7 |
|a Heiligenverehrung
|2 gnd
|
| 650 |
|
7 |
|a Christian saints
|x Cult
|x History of doctrines
|x Middle Ages.
|2 fast
|0 (OCoLC)fst01906882
|
| 650 |
|
7 |
|a 11.52 medieval Christianity.
|0 (NL-LeOCL)077594347
|2 bcl
|
| 650 |
|
7 |
|a 15.70 history of Europe.
|0 (NL-LeOCL)077599594
|2 bcl
|
| 650 |
|
6 |
|a Saints chretiens
|x Culte
|x Histoire des doctrines
|y 600-1500 (Moyen Âge)
|
| 650 |
|
0 |
|a Christian saints
|x Cult
|x History of doctrines
|y Middle Ages, 600-1500.
|
| 651 |
|
7 |
|a Tours (France)
|x Church history
|2 nli
|
| 651 |
|
7 |
|a Tours
|2 gnd
|
| 651 |
|
7 |
|a France
|z Tours.
|2 fast
|0 (OCoLC)fst01210081
|
| 651 |
|
6 |
|a Tours (France)
|x Histoire religieuse.
|
| 651 |
|
0 |
|a Tours (France)
|x Church history.
|
| 655 |
|
7 |
|a History.
|2 fast
|0 (OCoLC)fst01411628
|
| 655 |
|
7 |
|a Church history.
|2 fast
|0 (OCoLC)fst01411629
|
| 655 |
|
7 |
|a Electronic books.
|2 local
|
| 740 |
0 |
|
|a Communities of St. Martin.
|
| 710 |
2 |
|
|a Project Muse.
|e distributor
|
| 830 |
|
0 |
|a Book collections on Project MUSE.
|
| 856 |
4 |
0 |
|z Texto completo
|u https://projectmuse.uam.elogim.com/book/68528/
|